| 000 | 00000nas 2200000za 4500 |
| 001 | 9.511683 |
| 003 | CaOODSP |
| 005 | 20220328113234 |
| 007 | ta |
| 008 | 150406d20082012oncar p #||||f| |0fre|d |
| 022 | |a1921-9342 |
| 040 | |aCaOODSP|bfre |
| 041 | |aeng|afre |
| 043 | |an-cn--- |
| 086 | 1 |aIu1-4/1 |
| 110 | 1 |aCanada. |bIndustrie Canada. |
| 245 | 10|aRapport annuel ... concernant la Loi sur l'accès à l'information. |
| 246 | 15|aAnnual report on the Access to Information Act |
| 260 | |aOttawa : |bIndustrie Canada. |
| 310 | |aAnnuel |
| 362 | 1 |aParaît depuis 2007/2008; ne paraît plus après 2011/2012. |
| 520 | 3 |aDécrit comment Industrie Canada s'est acquitté de ses responsabilités au cours de l’année d'application de la Loi sur l’accès à l’information. |
| 546 | |aTexte en français et en anglais disposé tête-bêche. |
| 691 | 07|aAccès à l'information|2gcpds |
| 776 | 0#|tRapport annuel ... concernant la Loi sur l'accès à l'information |w(CaOODSP)9.502875 |
| 791 | |tAnnual report on the Access to Information Act.|eeng|w(CaOODSP)9.511682 |